[Event "XXIII Belgrade Trophy"]
[Site "Obrenovac SRB"]
[Date "2010.12.02"]
[Round "9.14"]
[White "Ratkovic,Miloj"]
[Black "Radlovacki,J"]
[Result "0-1"]
[WhiteElo "2132"]
[BlackElo "2415"]

1.d4 e6 2.Nf3 Nf6 3.c4 b6 4.a3 Ba6 5.e3 d5 6.Nbd2 Bb7 7.Bd3 Nbd7 8.O-O Be7
9.Qc2 c5 10.cxd5 exd5 11.dxc5 bxc5 12.b3 O-O 13.Bb2 Bd6 14.e4 d4 15.Rae1 Re8
16.Nc4 Bc7 17.Nfd2 Ne5 18.Nxe5 Rxe5 19.f4 Rh5 20.Nc4 Qe7 21.Qe2 Rh6 22.e5 Nd5
23.Be4 Rd8 24.Qf3 Qh4 25.h3 Qh5 26.Qxh5 Rxh5 27.Bc1 f5 28.exf6 gxf6 29.Bf3 Rh4
30.g3 Rxh3 31.Kg2 Rh5 32.Bxh5 Nxf4+ 33.Kh2 Nxh5 34.Bf4 Nxf4 35.gxf4 Kf7 36.Re2 Rg8
37.Rd2 Rg4 38.Rdf2 Be4 39.Nb2 Ke6 40.a4 Kf5 41.Nc4 Rg8 42.Rg1 Rg6 43.Rxg6 hxg6
44.Kh3 Bd5 45.Rc2 Bxf4 46.Nb2 Bxb3 47.Rxc5+ Ke4 48.Rc6 Be5 49.a5 d3 50.Nc4 Bxc4
51.Rxc4+ Bd4  0-1

[Event "TCh-CZE 2010-11"]
[Site "Czech Rep CZE"]
[Date "2010.12.04"]
[Round "3.7"]
[White "Rosko,L"]
[Black "Zpevak,P"]
[Result "0-1"]
[WhiteElo "2305"]
[BlackElo "2391"]

1.d4 Nf6 2.c4 e6 3.Nf3 b6 4.a3 Bb7 5.Nc3 d5 6.cxd5 Nxd5 7.Qc2 Be7 8.e4 Nxc3
9.bxc3 O-O 10.Bd3 c5 11.O-O Qc7 12.Qe2 Nd7 13.Bb2 Rac8 14.Rfe1 Rfd8 15.Rad1 c4
16.Bc2 b5 17.e5 Qc6 18.d5 exd5 19.Nd4 Qb6 20.e6 fxe6 21.Nxe6 Bf8 22.Nxd8 Rxd8
23.Rd4 Nf6 24.Rf4 Qc6 25.Qf3 Bc5 26.Bf5 Ne4 27.Rfxe4 dxe4 28.Bxe4 Re8 29.Bd5+ Kh8
30.Rxe8+ Qxe8 31.Kf1 Bxd5 32.Qxd5 Qf8 33.f3 h6 34.Qc6 Qf5 35.Qe4 Qxe4 36.fxe4 Kg8
37.Ke2 Kf7 38.Kf3 Bd6 39.Bc1 Bxh2 40.Be3 Be5  0-1

[Event "2nd Pilsen Open"]
[Site "Plzen CZE"]
[Date "2010.12.11"]
[Round "9"]
[White "Kozak,Mi"]
[Black "Kourousis,E"]
[Result "1/2-1/2"]
[WhiteElo "2219"]
[BlackElo "2264"]

1.d4 Nf6 2.c4 e6 3.Nf3 b6 4.a3 Bb7 5.Nc3 d5 6.Bg5 dxc4 7.e3 Be7 8.Bxc4 Nbd7
9.O-O O-O 10.Qe2 Ne4 11.Nxe4  1/2-1/2

[Event "Australian Masters"]
[Site "Canterbury AUS"]
[Date "2010.12.12"]
[Round "9"]
[White "Cheng,Bo"]
[Black "Illingworth,M"]
[Result "1-0"]
[WhiteElo "2316"]
[BlackElo "2304"]

1.d4 Nf6 2.c4 e6 3.Nf3 b6 4.a3 Ba6 5.Qc2 Bb7 6.Nc3 c5 7.dxc5 bxc5 8.h3 d5
9.Bf4 Be7 10.e3 O-O 11.cxd5 exd5 12.Bd3 d4 13.Ne4 Nd5 14.O-O Nxf4 15.exf4 Nd7
16.Rfe1 Rc8 17.Ne5 Nb6 18.Ng3 g6 19.b3 Rc7 20.f5 Bd6 21.Ng4 Bxg3 22.fxg3 Nd5
23.Qd2 Nf6 24.Qh6 Nxg4 25.hxg4 gxf5 26.Bxf5 f6 27.Rac1 Rg7 28.Rxc5 Qd6 29.b4 Qxg3
30.Re2 Qxa3 31.Be6+ Kh8 32.Rc7 Rfg8 33.Qxf6 Qg3 34.Rxg7 Qxg2+ 35.Rxg2  1-0

[Event "Bansko Grand Chess Open"]
[Site "Bansko BUL"]
[Date "2010.12.14"]
[Round "3.11"]
[White "Pavlidis,Ana"]
[Black "Grigorov,G"]
[Result "0-1"]
[WhiteElo "2352"]
[BlackElo "2479"]

1.d4 Nf6 2.c4 e6 3.Nf3 b6 4.a3 Bb7 5.Nc3 d5 6.cxd5 Nxd5 7.Qc2 Nxc3 8.bxc3 Be7
9.e4 O-O 10.Bd3 c5 11.O-O Nd7 12.Bf4 Rc8 13.Qe2 cxd4 14.cxd4 Rc3 15.a4 Nc5
16.dxc5 Qxd3 17.Qxd3 Rxd3 18.Ne5 Rd4 19.c6 Ba6 20.c7 Rxe4 21.Nc6 Bf6 22.Bd6 Bxa1
23.Bxf8 Kxf8 24.Rd1 g5 25.a5 Rc4 26.axb6 axb6 27.Nb8 Bc8  0-1

[Event "Bansko Grand Chess Open"]
[Site "Bansko BUL"]
[Date "2010.12.15"]
[Round "4.2"]
[White "Dobrev,Nan"]
[Black "Mastrovasilis,A"]
[Result "1-0"]
[WhiteElo "2376"]
[BlackElo "2556"]

1.d4 Nf6 2.Nf3 b6 3.c4 e6 4.a3 Bb7 5.Nc3 d5 6.cxd5 exd5 7.Bg5 Be7 8.Qa4+ c6
9.Bxf6 Bxf6 10.e3 O-O 11.Rd1 Nd7 12.Bd3 c5 13.Bf5 cxd4 14.Nxd4 Nc5 15.Qc2 g6
16.Bg4 Qe7 17.O-O Rad8 18.b4 Nd7 19.Bxd7 Rxd7 20.Qb3 Rc8 21.Rd3 Kg7 22.Rfd1 Ba6
23.b5 Bb7 24.Qa4 Rdc7 25.Nce2 Rc4 26.Qb3 Qc7 27.h3 Qe5 28.Nf4 Rc1 29.Qa4 Qe4
30.Rd2 R8c4 31.Qb3 R1c3 32.Qb2 Rxe3 33.Nh5+ gxh5 34.fxe3 Qxe3+ 35.Kh1 Qe4
36.Rd3 Be5 37.Qf2 Bc8 38.Nf3 Bf6 39.Rxd5 Bb7 40.Rd7 Rc8 41.Re1 Qg6 42.Rxb7 Rc2
43.Qf1  1-0

[Event "17th Open A"]
[Site "Zadar CRO"]
[Date "2010.12.15"]
[Round "5.24"]
[White "Tomazini,A"]
[Black "Titz,Hei"]
[Result "1-0"]
[WhiteElo "2284"]
[BlackElo "2203"]

1.d4 Nf6 2.Nf3 e6 3.c4 b6 4.a3 Bb7 5.Nc3 Be7 6.d5 exd5 7.cxd5 O-O 8.e4 d6
9.Bd3 Nbd7 10.O-O Nc5 11.Bc2 a5 12.Rb1 Ne8 13.b4 axb4 14.axb4 Nd7 15.Nd4 Nb8
16.Ba4 Bf6 17.Nce2 g6 18.Be3 Bg7 19.f3 Nf6 20.Qc2 Qe7 21.Bf2 Bh6 22.Rfd1 Nh5
23.g3 Ng7 24.Nc3 Bg5 25.Re1 Bf6 26.Bb5 h5 27.Ra1 Nd7 28.Nce2 Ne5 29.Rxa8 Rxa8
30.Rc1 Rc8 31.Kg2 h4 32.g4 g5 33.h3 Qf8 34.Rb1 Bd8 35.Ra1 Rb8 36.Ra7 Kh8
37.Qa4 Be7 38.Bc6 Bxc6 39.Nxc6 Nxc6 40.Qxc6 Bd8 41.Nd4 Qe8 42.Qc4 Rc8 43.Nb5 Qd7
44.Nd4 Bf6 45.Nc6 Qe8 46.Qa6 Kg8 47.Be3 Kf8 48.Qa3 Kg8 49.Qc1 Be5 50.Bxg5 Bg3
51.Ne7+  1-0

[Event "European Rapid Championship"]
[Site "Warsaw POL"]
[Date "2010.12.18"]
[Round "1"]
[White "Riazantsev,A"]
[Black "Zinczuk,L"]
[Result "1-0"]
[WhiteElo "2689"]
[BlackElo "1890"]

1.d4 Nf6 2.c4 e6 3.Nf3 b6 4.a3 Bb7 5.Nc3 d5 6.cxd5 exd5 7.Bf4 Be7 8.e3 O-O
9.Bd3 Re8 10.h3 a6 11.O-O Nbd7 12.Rc1 c5 13.Bb1 c4 14.a4 Bc6 15.Ne5 Nxe5
16.dxe5 Ne4 17.Nxe4 dxe4 18.Rxc4 Rc8 19.Rd4 Qc7 20.e6 Qb7 21.Rd7 Rcd8 22.exf7+ Kxf7
23.Qh5+ Kg8 24.Rxb7 Bxb7 25.Rc1 Bd5 26.Be5 Bf8 27.Rc7 Re7 28.Rxe7 Bxe7 29.Qg4 Bf8
30.Bxe4 Bf7 31.Bxh7+ Kh8 32.Bc2 Kg8  1-0

[Event "European Rapid Championship"]
[Site "Warsaw POL"]
[Date "2010.12.18"]
[Round "5"]
[White "Mchedlishvili,M"]
[Black "Maiorov,N1"]
[Result "1-0"]
[WhiteElo "2637"]
[BlackElo "2546"]

1.Nf3 Nf6 2.c4 b6 3.d4 e6 4.a3 Bb7 5.Nc3 d5 6.cxd5 exd5 7.Qc2 Be7 8.Bf4 O-O
9.e3 c5 10.Bd3 Nbd7 11.O-O a6 12.Bf5 Re8 13.Rad1 c4 14.a4 g6 15.Bh3 Nh5 16.Bh6 Bb4
17.g3 Nhf6 18.Bf4 Nh5 19.Bg5 Qc7 20.Bf4 Nxf4 21.gxf4 Nf6 22.Ne5 Bc8 23.Bxc8 Raxc8
24.Kh1 Bxc3 25.bxc3 Ne4 26.Rb1 Rb8 27.Rg1 f6 28.Nf3 Qd7 29.Rg2 Kh8 30.Nd2 Nxd2
31.Qxd2 Qxa4 32.f5 g5 33.h4 Qd7 34.Qc2 Re4 35.hxg5 Qxf5 36.Kg1 Rg8 37.Rxb6 fxg5
38.Rh6 Rg6 39.Rxg6 Qxg6 40.Qb2 h6 41.Rg3 Re6 42.Qb8+ Kg7 43.Rf3 Rf6 44.Qe5 Qf7
45.Rxf6 Qxf6 46.Qxd5 Qf7 47.Qe5+ Kh7 48.d5 Qf3 49.Qd4 g4 50.d6 g3 51.fxg3 Qxg3+
52.Kf1 Qf3+ 53.Ke1 Qg3+ 54.Kd1 Qg1+ 55.Kc2 Qg2+ 56.Kc1 Qg1+ 57.Kb2 Qg2+ 58.Ka3 Qc6
59.Kb2 Qb7+ 60.Kc1 Qh1+ 61.Qd1 Qe4 62.Qc2  1-0

[Event "37th ch-IND w"]
[Site "Bhubaneswar IND"]
[Date "2011.01.02"]
[Round "8"]
[White "Sachdev,T"]
[Black "Harini,S"]
[Result "1-0"]
[WhiteElo "2385"]
[BlackElo "2063"]

1.d4 Nf6 2.c4 e6 3.Nf3 b6 4.a3 Bb7 5.Nc3 d5 6.cxd5 Nxd5 7.Qc2 Be7 8.e4 Nxc3
9.bxc3 c5 10.Bb5+ Bc6 11.Bd3 Nd7 12.O-O O-O 13.Rd1 cxd4 14.Nxd4 Rc8 15.e5 h6
16.Nxc6 Rxc6 17.Bb5 Qc8 18.Bxc6 Qxc6 19.Bf4 b5 20.a4 b4 21.Rac1 Nb6 22.cxb4 Qxc2
23.Rxc2 Bxb4 24.Rd4 Nd5 25.Bd2 a5 26.Rdc4 Bxd2 27.Rxd2 Rb8 28.g3 Rb1+ 29.Kg2 Ra1
30.Rdd4 Nb4 31.Rc7 Kh7 32.Rxf7 Kg6 33.Rdd7 Rxa4 34.g4 Kg5 35.Kg3 Ra3+ 36.f3  1-0

[Event "WSB Masters IM"]
[Site "Wroclaw POL"]
[Date "2011.01.02"]
[Round "9"]
[White "Kalinin,O"]
[Black "Kocwin,B"]
[Result "1/2-1/2"]
[WhiteElo "2376"]
[BlackElo "2270"]

1.d4 Nf6 2.Nf3 e6 3.c4 b6 4.a3 Ba6 5.e3 c5 6.Nbd2 Nc6 7.dxc5 bxc5 8.Bd3 Be7
9.O-O O-O 10.Qc2 h6 11.b3 Rb8 12.Bb2 Qc7 13.h3 Rfd8 14.Rac1 Rb7 15.Rfe1 Rdb8
16.Rb1 d6 17.Ba1 Qd8 18.Red1 Qc7 19.Bc3 Rb6 20.Nf1  1/2-1/2

[Event "1st HDBank Cup"]
[Site "Ho Chi Minh City VIE"]
[Date "2011.01.05"]
[Round "3.17"]
[White "Wang Li"]
[Black "Bao Khoa"]
[Result "1-0"]
[WhiteElo "2394"]
[BlackElo "2264"]

1.d4 Nf6 2.c4 e6 3.Nf3 b6 4.a3 Be7 5.Nc3 d5 6.cxd5 exd5 7.Bg5 O-O 8.g3 Bb7
9.Bg2 Ne4 10.Bxe7 Qxe7 11.Rc1 Nd7 12.O-O Rfd8 13.e3 c5 14.dxc5 Nxc3 15.Rxc3 bxc5
16.Qc2 Rac8 17.Rd1 g6 18.Qa4 Nb6 19.Qf4 d4 20.Rcc1 d3 21.Nd2 Bxg2 22.Kxg2 c4
23.h4 Rc5 24.g4 Qb7+ 25.Kg1 Re8 26.f3 Nd5 27.Qd4 Rcc8 28.Rxc4 Rcd8 29.Ne4 f5
30.gxf5 gxf5 31.Rd2 Rd7 32.Rg2+ Rg7 33.Qxd5+ Qxd5 34.Nf6+ Kh8 35.Nxd5 d2
36.Rd4  1-0

[Event "9th Parsvnath Open"]
[Site "New Delhi IND"]
[Date "2011.01.08"]
[Round "1"]
[White "Murali Krishnan,B"]
[Black "Stefansson,H"]
[Result "0-1"]
[WhiteElo "2358"]
[BlackElo "2580"]

1.d4 Nf6 2.c4 e6 3.Nf3 b6 4.a3 Bb7 5.Nc3 d5 6.Bg5 Be7 7.Qa4+ c6 8.Bxf6 Bxf6
9.cxd5 exd5 10.g3 O-O 11.Bg2 Re8 12.O-O Nd7 13.Rad1 g6 14.Rfe1 Bg7 15.e4 dxe4
16.Nxe4 Qc7 17.Rc1 Nf6 18.Nxf6+ Bxf6 19.Rxe8+ Rxe8 20.b4 Rc8 21.Bh3 Rd8 22.Bg2 a6
23.Ne5 Bxe5 24.dxe5 Qxe5 25.Rd1 Re8 26.Qb3 Re7 27.Bf3 Kg7 28.Kg2 Rc7 29.Qc4 Bc8
30.Rd3 c5 31.bxc5 bxc5 32.Bd5 Rd7 33.Be4 Rxd3 34.Qxd3 Be6 35.Bf3 c4 36.Qe4 Qc5  0-1

[Event "9th Parsvnath Open"]
[Site "New Delhi IND"]
[Date "2011.01.12"]
[Round "7"]
[White "Swapnil,SD"]
[Black "Postny,E"]
[Result "0-1"]
[WhiteElo "2418"]
[BlackElo "2592"]

1.d4 Nf6 2.c4 e6 3.Nf3 b6 4.a3 Ba6 5.e3 d5 6.Nbd2 c5 7.b3 cxd4 8.exd4 g6
9.Bd3 Bg7 10.O-O O-O 11.Bb2 Nc6 12.Qe2 Rc8 13.Rfd1 dxc4 14.bxc4 Qc7 15.Rac1 Rfd8
16.Nb3 Qf4 17.Rc2 Bb7 18.Bc1 Qb8 19.Bg5 Re8 20.Qf1 e5 21.dxe5 Nxe5 22.Nxe5 Qxe5
23.Bh4 Nh5 24.Bg3 Nf4 25.f3 Qg5 26.Qf2 Rcd8 27.Bxf4 Qxf4 28.Be2 Rxd1+ 29.Bxd1 Qd6
30.Qd2 Qxa3 31.Ra2 Qe7 32.Rxa7 Bh6 33.Qc3 Rd8 34.Bc2 Bg7 35.Rxb7 Qxb7 36.Qb4 Qc7  0-1

[Event "36th Open"]
[Site "Seville ESP"]
[Date "2011.01.13"]
[Round "7"]
[White "Stella,A"]
[Black "Mirzoev,A"]
[Result "0-1"]
[WhiteElo "2361"]
[BlackElo "2563"]

1.d4 Nf6 2.c4 e6 3.Nf3 b6 4.a3 Ba6 5.Qc2 c5 6.e4 cxd4 7.Nxd4 Bc5 8.Nb3 Nc6
9.Nc3 O-O 10.Bg5 h6 11.Bh4 Be7 12.Be2 Ne5 13.Nd2 Rc8 14.Qa4 Bb7 15.Bg3 d6
16.Rd1 Bc6 17.Qc2 Qc7 18.O-O Qb8 19.b4 a6 20.c5 bxc5 21.bxc5 Bb7 22.Na4 Nfd7
23.f4 Ng6 24.f5 exf5 25.exf5 Nge5 26.Nc4 Nxc5 27.Nab6 Be4 28.Qd2 Nxc4 29.Nxc4 Bg5
30.Qxd6 Qb7 31.Bf3 Bxf3 32.gxf3 Rfd8 33.f4 Bf6 34.Qb6 Rxd1 35.Rxd1 Qf3 36.Qb1 Ne4
37.Rd3 Qe2 38.Re3 Bd4 39.Qxe4 Qxc4  0-1

[Event "TCh-SWE Elitserien 2010-11"]
[Site "Sweden SWE"]
[Date "2011.01.15"]
[Round "6"]
[White "Johansson,G1"]
[Black "Lindberg,H"]
[Result "0-1"]
[WhiteElo "2226"]
[BlackElo "2233"]

1.d4 Nf6 2.Nf3 e6 3.c4 b6 4.a3 Ba6 5.e3 d5 6.Nbd2 Bb7 7.Bd3 Be7 8.O-O O-O
9.b4 dxc4 10.Nxc4 c5 11.bxc5 bxc5 12.Rb1 Qc7 13.Bd2 Nc6 14.dxc5 Bxc5 15.Qc2 h6
16.Rfc1 Rac8 17.Qa4 Ba8 18.h3 Qe7 19.Bc3 Rfd8 20.Be2 Rb8 21.Nfd2 Rxb1 22.Rxb1 Nb8
23.Nb3 Nd5 24.Ba5 Rc8 25.Nxc5 Qxc5 26.Be1 Nc6 27.Kf1 Rd8 28.Nb2 Ne5 29.Nc4 Nxc4
30.Bxc4 Nb6 31.Qxa7 Qxc4+ 32.Kg1 Qe4  0-1

[Event "TCh-SWE Elitserien 2010-11"]
[Site "Sweden SWE"]
[Date "2011.01.15"]
[Round "6"]
[White "Cramling,P"]
[Black "Sjodahl,P"]
[Result "1/2-1/2"]
[WhiteElo "2509"]
[BlackElo "2413"]

1.d4 Nf6 2.c4 e6 3.Nf3 b6 4.a3 Ba6 5.Qa4 c5 6.dxc5 bxc5 7.g3 Be7 8.Bg2 Bb7
9.O-O Qb6 10.Rd1 O-O 11.Nc3 Rd8 12.Bf4 d6 13.Rab1 a5 14.Ne1 Bxg2 15.Kxg2 Qb7+
16.f3 d5 17.e4 dxe4 18.Rxd8+ Bxd8 19.Nxe4 Nbd7 20.Nd6 Qb6 21.Nb5 e5 22.Be3 e4
23.Qc2 Qe6 24.fxe4 Nxe4 25.Nf3 Nb6 26.b3 a4 27.Re1 axb3 28.Qxb3 Qxc4 29.Qxc4 Nxc4
30.Bxc5 f5 31.Bb4 Bf6 32.g4 fxg4 33.Rxe4 gxf3+ 34.Kxf3 Ne5+ 35.Kg2 Nd3 36.Nc7 Ra7
37.Nd5 Bb2 38.Re8+ Kf7 39.Rf8+ Ke6 40.Nf4+ Nxf4+ 41.Rxf4 Bxa3 42.Bxa3 Rxa3
43.Rb4 Re3 44.Ra4 Kf5 45.Ra5+ Re5 46.Ra7 Kf6 47.Kg3 Kg6 48.Ra6+ Kh5 49.Kg2 g6
50.h3 Kg5 51.Ra7 h5 52.Ra6 Re4 53.Rb6 Rc4 54.Ra6 Rd4 55.Rb6 Ra4 56.Kg3 h4+
57.Kf3 Ra3+ 58.Kg2 Rg3+ 59.Kh2 Re3 60.Kg2 Kf5 61.Ra6 g5 62.Ra5+ Kf4 63.Ra4+ Re4
64.Ra2 Rd4 65.Rf2+ Ke4 66.Re2+ Kf5  1/2-1/2

[Event "68th ch-GEO w"]
[Site "Anaklia GEO"]
[Date "2011.01.17"]
[Round "7"]
[White "Arabidze,M"]
[Black "Melia,S"]
[Result "0-1"]
[WhiteElo "2315"]
[BlackElo "2449"]

1.d4 Nf6 2.c4 e6 3.Nf3 b6 4.a3 Bb7 5.Nc3 g6 6.d5 exd5 7.cxd5 Bg7 8.e4 Qe7
9.Qe2 O-O 10.Bg5 h6 11.Bh4 g5 12.Bg3 Re8 13.O-O-O Nxe4 14.Qxe4 Qxe4 15.Nxe4 Rxe4
16.Bxc7 Na6 17.Bd6 Rc8+ 18.Kb1 Nc5 19.h3 Ree8 20.Bb5 a6 21.Bxc5 Rxc5 22.Bxd7 Re2
23.Nd4 Rxf2 24.d6 Rc4 25.Nf5 Be4+ 26.Ka1 Bxb2+ 27.Ka2 Bf6+ 28.Kb3 Rc3+ 29.Ka4 Bxf5  0-1

[Event "Magic Valley IM"]
[Site "Rodatychi UKR"]
[Date "2011.01.17"]
[Round "9"]
[White "Bargan,Se"]
[Black "Grekh,A"]
[Result "1/2-1/2"]
[WhiteElo "2359"]
[BlackElo "2368"]

1.d4 Nf6 2.Nf3 e6 3.c4 b6 4.a3 Ba6 5.Qc2 Bb7 6.Nc3 c5 7.d5 exd5 8.cxd5 Nxd5
9.Nxd5 Bxd5 10.e4 Bb7 11.Bc4 b5 12.Qb3 bxc4 13.Qxb7 Nc6 14.Bf4 a6 15.Ne5 Ra7
16.Nxc6 Rxb7 17.Nxd8 Kxd8 18.O-O-O c3 19.bxc3 c4 20.Kc2 Bxa3 21.Rb1 Kc8 22.Rxb7 Kxb7
23.Rb1+ Kc6 24.Ra1 Bc5 25.Rxa6+ Kb5 26.Ra1 Re8 27.f3 f5 28.Re1 fxe4 29.Rxe4 Rxe4
30.fxe4 Kc6 31.Be5 g6 32.Bd4 Bd6 33.h3 Bf4 34.Kd1 d5 35.exd5+ Kxd5 36.Ke2 Ke4
37.Bg7 Be3 38.Be5  1/2-1/2

[Event "I Antonio Rocha Mem"]
[Site "Campinas BRA"]
[Date "2011.01.19"]
[Round "7.2"]
[White "Name,G"]
[Black "Tsuboi,E"]
[Result "1/2-1/2"]
[WhiteElo "2138"]
[BlackElo "2380"]

1.d4 Nf6 2.c4 e6 3.Nf3 b6 4.a3 Bb7 5.Nc3 d5 6.cxd5 Nxd5 7.Qc2 Nxc3 8.bxc3 Be7
9.e4 O-O 10.Bd3 c5 11.Bb2 Qc8 12.Qe2 Ba6 13.Bxa6 Qxa6 14.Qxa6 Nxa6 15.O-O Rac8
16.Rac1 Bf6 17.a4 Rc7 18.e5 Be7 19.Ba3 Rfc8 20.Rfd1 cxd4 21.Bxe7 Rxe7 22.Nxd4 Nc5
23.Nb5 Kf8 24.Kf1 g5 25.Ra1 Nb3 26.Rab1 Na5 27.h4 h6 28.hxg5 hxg5 29.Rb4 Rc5
30.Rd8+ Kg7 31.Ra8 Nc6 32.Re4 Kg6 33.f3 Nxe5 34.Rxa7 Rxa7 35.Nxa7 f5 36.Rb4 Rxc3
37.Rxb6 Kf6 38.a5 f4 39.Nb5 Rc1+ 40.Ke2 Rc2+ 41.Kd1 Rxg2 42.Nd4 Nc4 43.Rxe6+ Kf7
44.Re2 Rg1+ 45.Re1 Rxe1+ 46.Kxe1 Nxa5 47.Nf5 Ke6 48.Nh6 Nc4 49.Ng4 Ne5 50.Nh2 Kd5
51.Ke2 Kd4 52.Nf1 Nc4 53.Nd2 Nd6 54.Nb3+ Kc4 55.Na5+ Kc3 56.Nc6 Nf5 57.Ne5 Nd4+
58.Kf2 Kd2 59.Nc4+ Kd1 60.Nd6 Ne6 61.Ne4 Kc2 62.Ke2 Kb3 63.Kd3 Kb4 64.Nf6 Nc5+
65.Kd4 Nb3+ 66.Kd3 Nc5+ 67.Kd4 Kb5 68.Kd5 Kb6 69.Ke5 g4 70.Nxg4 Nd3+  1/2-1/2

[Event "Marienbad Open"]
[Site "Marianske Lazne CZE"]
[Date "2011.01.20"]
[Round "7"]
[White "Tejcek,B"]
[Black "Svoboda,Frantisek"]
[Result "0-1"]
[WhiteElo "1809"]
[BlackElo "1671"]

1.d4 Nf6 2.c4 e6 3.Nf3 b6 4.a3 Bb7 5.Nc3 Ne4 6.Qc2 f5 7.Bf4 Be7 8.Nb5 d6
9.Rc1 a6 10.Nc3 O-O 11.Qb3 Nxc3 12.Rxc3 Bf6 13.Rd3 Nd7 14.c5 Bd5 15.Qd1 Bxf3
16.gxf3 bxc5 17.e3 Kh8 18.Rd2 cxd4 19.exd4 g5 20.Bg3 f4 21.Bd3 Qe7 22.Qb1 e5
23.Be4 exd4 24.Kd1 Rab8 25.b4 Nb6 26.Bd3 Nd5 27.Qc2 Nc3+ 28.Kc1 a5 29.Re1 Qxe1+
30.Kb2 Qe7 31.a4 Rxb4+  0-1

[Event "I Antonio Rocha Mem"]
[Site "Campinas BRA"]
[Date "2011.01.21"]
[Round "9.1"]
[White "Name,G"]
[Black "Mareco,S"]
[Result "0-1"]
[WhiteElo "2138"]
[BlackElo "2627"]

1.d4 Nf6 2.c4 e6 3.Nf3 b6 4.a3 Ba6 5.Qc2 Bb7 6.Nc3 c5 7.dxc5 Bxc5 8.b4 Be7
9.e4 a5 10.bxa5 Rxa5 11.Bd3 Nc6 12.Bb2 O-O 13.O-O Qb8 14.Nb5 Ng4 15.e5 Ncxe5
16.Nxe5 Nxe5 17.Bxh7+ Kh8 18.f4 Ng4 19.Bd3 Bc5+ 20.Kh1 f5 21.Qe2 Qd8 22.Nd4 Bxd4
23.Bxd4 Qh4 24.Bg1 Rf6 25.Qe1 Qh3 26.Qe2 Nxh2 27.Bxh2 Rh6 28.Kg1 Qxh2+ 29.Kf2 Bxg2
30.Rfb1 Bf3+  0-1

[Event "Belgrade Individual 2011"]
[Site "Belgrade SRB"]
[Date "2011.01.22"]
[Round "1.10"]
[White "Tasic,Z"]
[Black "Tosic,M"]
[Result "1/2-1/2"]
[WhiteElo "2175"]
[BlackElo "2395"]

1.d4 Nf6 2.c4 e6 3.Nf3 b6 4.a3 Bb7 5.Nc3 d5 6.cxd5 Nxd5 7.e3 g6 8.g3 Bg7
9.Bg2 Nxc3 10.bxc3 O-O 11.O-O c5  1/2-1/2

[Event "TCh-CZE 2010-11"]
[Site "Czech Rep CZE"]
[Date "2011.01.22"]
[Round "6.8"]
[White "Kriebel,T"]
[Black "Malinovsky,K"]
[Result "1-0"]
[WhiteElo "2321"]
[BlackElo "2339"]

1.d4 Nf6 2.c4 e6 3.Nf3 b6 4.a3 Ba6 5.Qc2 Bb7 6.Nc3 c5 7.e3 Be7 8.Bd3 Bxf3
9.gxf3 cxd4 10.exd4 Nc6 11.Be3 O-O 12.Rg1 Kh8 13.O-O-O Rc8 14.Kb1 Na5 15.Bg5 g6
16.Bh6 Re8 17.Qa4 a6 18.d5 Qc7 19.c5 Bxc5 20.Qh4 Ng8 21.Ne4 Nxh6 22.Qxh6 Qe5
23.Ng5 Qg7 24.Nxf7+ Qxf7 25.Bxg6 Bf8 26.Qh5 Qe7 27.d6 Qg7 28.Bxe8 Qf6 29.Qf7 Qxf7
30.Bxf7 Bh6 31.Rg4 Rf8 32.Rdg1  1-0

[Event "TCh-CZE 2010-11"]
[Site "Czech Rep CZE"]
[Date "2011.01.22"]
[Round "6.6"]
[White "Priehoda,V"]
[Black "Sodoma,J"]
[Result "1-0"]
[WhiteElo "2398"]
[BlackElo "2348"]

1.Nf3 Nf6 2.c4 e6 3.d4 b6 4.a3 Bb7 5.Nc3 d5 6.Bg5 Be7 7.Qa4+ c6 8.cxd5 exd5
9.g3 O-O 10.Bxf6 Bxf6 11.Bg2 Re8 12.O-O g6 13.Rfe1 Na6 14.e4 Nc7 15.exd5 Nxd5
16.Nxd5 cxd5 17.Ne5 Qd6 18.f4 Rec8 19.Rac1 Rc7 20.Rc3 Rxc3 21.bxc3 Qc7 22.Re3 a6
23.Ng4 Be7 24.Qb3 Rd8 25.a4 Kg7 26.h4 h5 27.Ne5 Bf6 28.Bf3 Qd6 29.Re1 Rc8
30.Re3 Rc7 31.Kf2 Rc8 32.a5 b5 33.Nd3 Bd8 34.Nc5 Rxc5 35.dxc5 Qxc5 36.Qb4 Be7
37.Qd4+ Qxd4 38.cxd4 Kf8 39.Rc3 Bd6 40.f5 Ke7 41.fxg6 fxg6 42.Bg2 Kd8 43.Re3 Bb4
44.Re6 Bxa5 45.Rxg6 Bc3 46.Ke3 Kc7 47.g4 hxg4 48.h5 b4 49.h6 b3 50.Rg7+ Kb6
51.Rxb7+ Kxb7 52.Bxd5+ Kc7 53.h7  1-0

[Event "3rd Chennai Open"]
[Site "Chennai IND"]
[Date "2011.01.23"]
[Round "8"]
[White "Roy,Pr"]
[Black "Debashis,D"]
[Result "1/2-1/2"]
[WhiteElo "2230"]
[BlackElo "2406"]

1.d4 Nf6 2.Nf3 e6 3.c4 b6 4.a3 Ba6 5.Qc2 d5 6.cxd5 exd5 7.Bg5 Be7 8.g3 O-O
9.Bg2 h6 10.Bxf6 Bxf6 11.O-O Re8 12.Nc3 Bb7 13.Rfd1 a6 14.Rac1 Nd7 15.Ne1 Nf8
16.Qb3 c6 17.e3 Rb8 18.Na4 Ba8 19.Qd3 Bb7 20.Qb3 Nd7 21.Bh3 Ba8 22.Qd3 a5
23.b4 axb4 24.axb4 b5 25.Bxd7 Qxd7 26.Nc5 Qg4  1/2-1/2

[Event "3rd Chennai Open"]
[Site "Chennai IND"]
[Date "2011.01.24"]
[Round "9"]
[White "Phoobalan,P"]
[Black "Sangma,R"]
[Result "1-0"]
[WhiteElo "2257"]
[BlackElo "2386"]

1.d4 Nf6 2.Nf3 e6 3.c4 b6 4.a3 Ba6 5.Qc2 Bb7 6.Nc3 c5 7.dxc5 Bxc5 8.Bg5 Be7
9.e4 d6 10.Rd1 Nbd7 11.Be2 a6 12.e5 dxe5 13.Nxe5 Qc7 14.Nxd7 Nxd7 15.Bxe7 Kxe7
16.O-O Rhd8 17.Rfe1 h6 18.Bf1 Ne5 19.Rxd8 Ng4 20.Rd7+ Qxd7 21.Nd5+ Kf8 22.Qh7 Bxd5
23.Qh8+ Ke7 24.Qxg7 Bf3 25.gxf3 Nf6 26.Qxh6 Qd6 27.Bg2 Rg8 28.Kh1 Rg6 29.Qc1 Nh5
30.Re4 e5 31.Qe1 Kf6 32.Qc3 Ke6 33.Qb3 Nf4 34.Rxf4 exf4 35.c5+ Qd5 36.Bh3+ Ke5
37.Qc3+ Qd4 38.Qe1+ Kf6 39.c6 Qd5 40.Qc3+ Kg5 41.c7 Qd1+ 42.Kg2 Kh4+ 43.Bg4 Rxg4+
44.fxg4 Qxg4+ 45.Kf1 Qd1+ 46.Qe1 Qd3+ 47.Kg1 Qg6+ 48.Kh1 Qc6+ 49.f3+ Kh5
50.Qe5+ Kh6 51.Qxf4+ Kg7  1-0

[Event "TCh-HUN 2010-11"]
[Site "Szombathely HUN"]
[Date "2011.01.30"]
[Round "5"]
[White "Metaxasz,V"]
[Black "Nagy,Ga1"]
[Result "0-1"]
[WhiteElo "2140"]
[BlackElo "2372"]

1.d4 Nf6 2.c4 e6 3.Nf3 b6 4.a3 Bb7 5.Nc3 d5 6.Bg5 Nbd7 7.e3 a6 8.cxd5 exd5
9.Bd3 Be7 10.Qc2 O-O 11.Bxf6 Nxf6 12.O-O c5 13.Ne5 b5 14.Rad1 c4 15.Be2 Qb6
16.f4 a5 17.g4 b4 18.Na4 Qb5 19.Rc1 Qe8 20.g5 Ne4 21.Nb6 Rd8 22.axb4 Bxb4
23.Bg4 f5 24.Bf3 Bd2 25.Rce1 Bxe1 26.Rxe1 Qb5 27.Bxe4 fxe4 28.Na4 Bc8 29.Ra1 Bf5
30.Nc3 Qb6 31.Ra2 Rfe8 32.Qa4 Rxe5 33.fxe5 Qg6 34.h4 Qh5 35.Qxa5 Qg4+ 36.Kf1 Rf8
37.Ke1 Be6 38.Nxd5 Qg1+ 39.Kd2 Qb1 40.Kc3 Rb8 41.Kd2 c3+  0-1

[Event "16th HIT Open"]
[Site "Nova Gorica SLO"]
[Date "2011.01.31"]
[Round "6"]
[White "Koscak,Jan"]
[Black "Bratkovic,Jakob"]
[Result "1/2-1/2"]
[WhiteElo "1645"]
[BlackElo "1672"]

1.d4 Nf6 2.Nf3 e6 3.c4 b6 4.a3 Ba6 5.Qc2 Bb7 6.Nc3 c5 7.e4 cxd4 8.Nxd4 Nc6
9.Nxc6 dxc6 10.Bg5 Be7 11.Be2 Qc7 12.Rd1 h6 13.Be3 O-O 14.O-O Rad8 15.f4 e5
16.Rxd8 Rxd8 17.f5 Bd6 18.g4 Qe7 19.b4 Nh7 20.Qc1 Qf6 21.Kh1 Be7 22.Rg1 Qh4
23.c5 b5 24.Qe1 Qf6 25.Qg3 Bc8 26.Rg2 Bb7 27.h3 Bc8 28.Rh2 Qh4 29.Kg2 Qf6
30.h4 Bb7 31.Kh3 Bc8 32.Rg2 g5 33.fxg6 fxg6 34.Rf2 Qg7 35.Kh2 g5 36.hxg5 hxg5
37.Kg1  1/2-1/2

[Event "Moscow Open D University Women"]
[Site "Moscow RUS"]
[Date "2011.02.01"]
[Round "4.3"]
[White "Smirnova,An"]
[Black "Vasilevich,I"]
[Result "0-1"]
[WhiteElo "2021"]
[BlackElo "2327"]

1.d4 e6 2.c4 Nf6 3.Nf3 b6 4.a3 d5 5.Nc3 Be7 6.Bg5 h6 7.Bxf6 Bxf6 8.cxd5 exd5
9.e3 O-O 10.Rc1 Be6 11.Be2 c5 12.O-O Nc6 13.Bb5 Ne7 14.Ne5 Qd6 15.Ng4 Bxg4
16.Qxg4 Bg5 17.Rfd1 c4 18.h4 f5 19.Qh3 Bf6 20.f3 a6 21.Ba4 Rad8 22.Kh1 b5
23.Bc2 Qb6 24.Ne2 a5 25.Nf4 Rd6 26.Nh5 b4 27.axb4 axb4 28.Nxf6+ Rdxf6 29.e4 fxe4
30.fxe4 dxe4 31.Bxe4 Rf4 32.Bf3 Qf6 33.Qd7 Qxh4+ 34.Kg1 Qg5 35.Be2 Kh8 36.Bxc4 Rf2
37.Qb7 Qe3 38.Kh1 R2f4 39.g3 Qxg3 40.Qg2 Rh4+  0-1

[Event "33rd Bulgarian Open"]
[Site "Plovdiv BUL"]
[Date "2011.02.01"]
[Round "3.18"]
[White "Todorov,Mo"]
[Black "Nikolov,Sas"]
[Result "1-0"]
[WhiteElo "2190"]
[BlackElo "2440"]

1.d4 Nf6 2.c4 e6 3.Nf3 b6 4.a3 Ba6 5.Qc2 d5 6.cxd5 exd5 7.g3 Bd6 8.Bg2 O-O
9.O-O Re8 10.Nc3 Nbd7 11.Re1 c5 12.Bg5 h6 13.Bxf6 Nxf6 14.Rad1 Qc7 15.dxc5 Bxc5
16.e3 Rad8 17.Nd4 Qe5 18.Nc6 Qh5 19.Nxd8 Rxd8 20.Ne4 Ng4 21.h3 Ne5 22.Nxc5 bxc5
23.g4 Qh4 24.Qc3 Ng6 25.Qxc5 Bc4 26.Rd4 Nf8 27.Bxd5 Bxd5 28.Rxd5 Rxd5 29.Qxd5 Qxh3
30.Qg2 Qh4 31.Rc1 Qf6 32.Rc7 Qxb2 33.Qf3 Qb1+ 34.Kg2 Qb3 35.Rxa7 Ng6 36.Ra8+ Kh7
37.Qe4 Qb5 38.a4 Qc5 39.a5 f5 40.gxf5 Nh4+ 41.Qxh4 Qd5+ 42.f3 Qxa8 43.Qe4 Qxa5
44.f6+ Kg8 45.Qe8+ Kh7 46.f7  1-0

[Event "33rd Bulgarian Open"]
[Site "Plovdiv BUL"]
[Date "2011.02.04"]
[Round "7.6"]
[White "Arsovic,Z"]
[Black "Grigorov,G"]
[Result "1-0"]
[WhiteElo "2445"]
[BlackElo "2498"]

1.d4 Nf6 2.Nf3 e6 3.c4 b6 4.a3 Bb7 5.Nc3 d5 6.Bg5 Be7 7.Rc1 O-O 8.e3 Nbd7
9.cxd5 exd5 10.Bb5 c6 11.Ba4 Rc8 12.O-O Ne4 13.Bf4 Nxc3 14.Rxc3 b5 15.Bc2 b4
16.axb4 Bxb4 17.Rb3 a5 18.Ng5 Nf6 19.Be5 Ne4 20.Nxe4 dxe4 21.Bxe4 g6 22.Qf3 f6
23.Bf4 Qe7 24.Rc1 a4 25.Rd3 Rfe8 26.Bxc6 Rxc6 27.Rxc6 Qd7 28.Rc7 Qxc7 29.Bxc7 Bxf3
30.gxf3 Rc8 31.Bb6 Rc2 32.d5 Bd6 33.Bd4 Kf7 34.Rc3 Rxb2 35.Rc6 Rb1+ 36.Kg2 Be7
37.Ra6 Rb5 38.d6 Bf8 39.d7 Rd5 40.Rxf6+ Ke7 41.Ra6 Kxd7 42.Rxa4 Rg5+ 43.Kf1 Rh5
44.Ra7+ Ke6 45.Ra6+ Kd7 46.Kg2 Bd6 47.f4 g5 48.Ra5 h6 49.h3 Bc7 50.Rb5 Bd6
51.fxg5 hxg5 52.Bf6  1-0